[Event "Netanya Open 2019"]
[Site "Netanya"]
[Date "2019.07.02"]
[Round "9.24"]
[White "Iliaguev, Nisim"]
[Black "Streltsov, Alexey"]
[Result "1/2-1/2"]
[WhiteElo "2357"]
[BlackElo "2177"]
[Annotator "NA"]
[PlyCount "110"]
[EventDate "2019.06.23"]
[EventType "swiss"]
[EventCountry "ISR"]
[SourceTitle "playchess.com"]
[Source "ChessBase"]
[SourceQuality "1"]
[TimeControl "40/5400+30:1800+30"]

1. d4 {[%emt 0:00:00]} Nf6 {[%emt 0:00:00]} 2. Nf3 {[%emt 0:00:00]} g6 {[%emt 0:00:00]} 3. g3 {[%emt 0:00:00]} d5 {[%emt 0:00:07]} 4. c4 {[%emt 0:00:33]} c6 {[%emt 0:00:07]} 5. cxd5 {[%emt 0:00:10]} cxd5 {[%emt 0:00:05]} 6. Bg2 {[%emt 0:00:12]} Bg7 {[%emt 0:00:05]} 7. Nc3 {[%emt 0:00:14]} O-O {[%emt 0:00:10]} 8. Ne5 {[%emt 0:00:09]} Bf5 {[%emt 0:00:23]} 9. O-O {[%emt 0:00:19]} Ne4 {[%emt 0:00:11]} 10. Qb3 {[%emt 0:00:22]} Nc6 {[%emt 0:01:19]} 11. Rd1 {[%emt 0:02:07]} Nxc3 {[%emt 0:13:55]} 12. bxc3 {[%emt 0:00:38]} Nxe5 {[%emt 0:00:16]} 13. dxe5 {[%emt 0:00:07]} Qc7 {[%emt 0:00:20]} 14. Bxd5 {[%emt 0:01:26]} Qxe5 {[%emt 0:03:05]} 15. Be3 {[%emt 0:05:11]} Qxc3 {[%emt 0:06:05]} 16. Qxc3 {[%emt 0:01:15]} Bxc3 {[%emt 0:00:05]} 17. Rac1 {[%emt 0:00:05]} Ba5 {[%emt 0:05:50]} 18. Bxb7 {[%emt 0:04:33]} Rab8 {[%emt 0:00:11]} 19. Bd5 {[%emt 0:00:13]} a6 {[%emt 0:36:31]} 20. Bb3 {[%emt 0:03:47]} Bb4 {[%emt 0:15:55]} 21. Rc7 {[%emt 0:00:53]} Rfc8 {[%emt 0:00:37]} 22. Rdc1 {[%emt 0:05:08]} Bd6 {[%emt 0:02:46]} 23. R7c6 {[%emt 0:03:04]} Ba3 {[%emt 0:04:22]} 24. R1c4 {[%emt 0:02:04]} a5 {[%emt 0:02:51]} 25. f3 {[%emt 0:08:17]} Bb4 {[%emt 0:07:14]} 26. Ra6 {[%emt 0:08:03]} Kg7 {[%emt 0:00:00]} 27. Bd4+ {[%emt 0:00:57]} f6 {[%emt 0:00:00]} 28. g4 {[%emt 0:00:48]} Rxc4 {[%emt 0:00:00]} 29. Bxc4 {[%emt 0:00:08]} Bc8 {[%emt 0:00:00]} 30. Ra7 {[%emt 0:01:26]} Rb7 {[%emt 0:00:00]} 31. Ra8 {[%emt 0:00:29]} Rc7 {[%emt 0:00:00]} 32. Bb3 {[%emt 0:00:21]} Bc5 {[%emt 0:00:26]} 33. Bxc5 {[%emt 0:00:22]} Rxc5 {[%emt 0:00:01]} 34. Kf2 {[%emt 0:00:59]} g5 {[%emt 0:02:19]} 35. Ke3 {[%emt 0:03:08]} Re5+ {[%emt 0:00:27]} 36. Kd4 {[%emt 0:01:47]} Be6 {[%emt 0:00:09]} 37. Bxe6 {[%emt 0:04:30]} Rxe6 {[%emt 0:00:01]} 38. e4 {[%emt 0:00:11]} Re5 {[%emt 0:00:24]} 39. a4 {[%emt 0:00:19]} h5 {[%emt 0:02:03]} 40. gxh5 {[%emt 0:02:09]} Kh6 {[%emt 0:00:04]} 41. Rh8+ {[%emt 0:30:15]} Kg7 {[%emt 0:30:01]} 42. Rd8 {[%emt 0:02:16]} Re6 {[%emt 0:00:00]} 43. Kc5 {[%emt 0:00:00]} g4 {[%emt 0:00:00]} 44. fxg4 {[%emt 0:00:00]} Rxe4 {[%emt 0:00:00]} 45. Rd4 {[%emt 0:00:00]} Re2 {[%emt 0:00:00]} 46. Kb5 {[%emt 0:00:00]} Rxh2 {[%emt 0:00:00]} 47. Re4 {[%emt 0:00:00]} f5 {[%emt 0:00:00]} 48. gxf5 {[%emt 0:00:00]} Rxh5 {[%emt 0:00:00]} 49. Rxe7+ {[%emt 0:00:00]} Kf6 {[%emt 0:00:00]} 50. Re6+ {[%emt 0:00:00]} Kxf5 {[%emt 0:00:00]} 51. Re8 {[%emt 0:00:00]} Kf6+ {[%emt 0:00:00]} 52. Kb6 {[%emt 0:00:00]} Kf7 {[%emt 0:00:00]} 53. Re1 {[%emt 0:00:00]} Kf6 {[%emt 0:00:00]} 54. Re4 {[%emt 0:00:00]} Kf7 {[%emt 0:00:00]} 55. Re3 {[%emt 0:00:00]} Kf8 {[%emt 0:00:00]} 1/2-1/2

[Event "Netanya Open 2019"]
[Site "Netanya"]
[Date "2019.07.02"]
[Round "9.25"]
[White "Gorodetzky, Matan"]
[Black "Gleizer, Mark"]
[Result "1-0"]
[WhiteElo "2303"]
[BlackElo "2173"]
[Annotator "NA"]
[PlyCount "81"]
[EventDate "2019.06.23"]
[EventType "swiss"]
[EventCountry "ISR"]
[SourceTitle "playchess.com"]
[Source "ChessBase"]
[SourceQuality "1"]
[TimeControl "40/5400+30:1800+30"]

1. e4 {[%emt 0:00:00]} e5 {[%emt 0:00:00]} 2. Nf3 {[%emt 0:00:11]} Nf6 {[%emt 0:00:00]} 3. Nxe5 {[%emt 0:01:23]} d6 {[%emt 0:00:00]} 4. Nf3 {[%emt 0:00:06]} Nxe4 {[%emt 0:00:02]} 5. Bd3 {[%emt 0:00:06]} d5 {[%emt 0:05:20]} 6. Qe2 {[%emt 0:23:16]} Qe7 {[%emt 0:01:42]} 7. O-O {[%emt 0:01:04]} Nc5 {[%emt 0:04:39]} 8. Re1 {[%emt 0:01:02]} Qxe2 {[%emt 0:01:54]} 9. Bxe2 {[%emt 0:00:15]} c6 {[%emt 0:05:26]} 10. c4 {[%emt 0:08:47]} dxc4 {[%emt 0:17:21]} 11. Bxc4+ {[%emt 0:00:27]} Be6 {[%emt 0:00:29]} 12. b4 {[%emt 0:13:47]} Be7 {[%emt 0:05:47]} 13. bxc5 {[%emt 0:00:43]} Bxc4 {[%emt 0:00:34]} 14. d4 {[%emt 0:09:02]} h6 {[%emt 0:04:01]} 15. Nbd2 {[%emt 0:06:52]} Be6 {[%emt 0:04:51]} 16. Rb1 {[%emt 0:01:14]} b5 {[%emt 0:02:46]} 17. cxb6 {[%emt 0:01:11]} axb6 {[%emt 0:00:20]} 18. Rxb6 {[%emt 0:00:06]} O-O {[%emt 0:01:13]} 19. Ne4 {[%emt 0:08:28]} Bxa2 {[%emt 0:06:22]} 20. Bf4 {[%emt 0:01:59]} Bd5 {[%emt 0:01:53]} 21. Nc3 {[%emt 0:05:00]} Bxf3 {[%emt 0:02:55]} 22. Rxe7 {[%emt 0:00:21]} Bh5 {[%emt 0:06:09]} 23. f3 {[%emt 0:00:59]} Na6 {[%emt 0:04:51]} 24. Ne4 {[%emt 0:02:57]} Rfd8 {[%emt 0:04:34]} 25. Nd6 {[%emt 0:07:32]} c5 {[%emt 0:00:20]} 26. Re5 {[%emt 0:00:07]} g5 {[%emt 0:01:33]} 27. dxc5 {[%emt 0:00:23]} Nc7 {[%emt 0:05:16]} 28. Bg3 {[%emt 0:01:59]} Ra1+ {[%emt 0:02:33]} 29. Re1 {[%emt 0:00:21]} Rxe1+ {[%emt 0:02:43]} 30. Bxe1 {[%emt 0:00:02]} Bg6 {[%emt 0:01:27]} 31. Bg3 {[%emt 0:03:08]} Nd5 {[%emt 0:01:10]} 32. Rb2 {[%emt 0:00:29]} Ra8 {[%emt 0:01:49]} 33. c6 {[%emt 0:00:44]} Ra1+ {[%emt 0:01:29]} 34. Kf2 {[%emt 0:00:04]} Rc1 {[%emt 0:01:05]} 35. Rb8+ {[%emt 0:02:22]} Kh7 {[%emt 0:00:12]} 36. Be5 {[%emt 0:00:21]} f6 {[%emt 0:00:30]} 37. Bxf6 {[%emt 0:00:54]} Bd3 {[%emt 0:01:21]} 38. Rh8+ {[%emt 0:00:40]} Kg6 {[%emt 0:00:10]} 39. Be5 {[%emt 0:00:10]} Ne7 {[%emt 0:03:06]} 40. g4 {[%emt 0:00:43]} Nxc6 {[%emt 0:01:29]} 41. Rg8+ {[%emt 0:31:15] Ne7 Re8 Rc7 Ke3 Bc4 Nf5 Nd5+ Nd6 Ne7 Ke4} 1-0

[Event "Netanya Open 2019"]
[Site "Netanya"]
[Date "2019.07.02"]
[Round "9.26"]
[White "Friedland, Moshe"]
[Black "Kochavi, Ori"]
[Result "1-0"]
[WhiteElo "2298"]
[BlackElo "2152"]
[Annotator "NA"]
[PlyCount "81"]
[EventDate "2019.06.23"]
[EventType "swiss"]
[EventCountry "ISR"]
[SourceTitle "playchess.com"]
[Source "ChessBase"]
[SourceQuality "1"]
[TimeControl "40/5400+30:1800+30"]

1. e4 {[%emt 0:00:00]} c6 {[%emt 0:00:00]} 2. d4 {[%emt 0:00:00]} d5 {[%emt 0:00:00]} 3. Nd2 {[%emt 0:00:00]} dxe4 {[%emt 0:00:00]} 4. Nxe4 {[%emt 0:00:00]} Nf6 {[%emt 0:00:00]} 5. Nxf6+ {[%emt 0:00:04]} exf6 {[%emt 0:00:00]} 6. c3 {[%emt 0:00:32]} Bd6 {[%emt 0:05:08]} 7. Bd3 {[%emt 0:00:12]} O-O {[%emt 0:02:21]} 8. Qc2 {[%emt 0:00:16]} Re8+ {[%emt 0:00:04]} 9. Ne2 {[%emt 0:00:08]} h5 {[%emt 0:00:04]} 10. O-O {[%emt 0:02:38]} h4 {[%emt 0:00:16]} 11. Bf4 {[%emt 0:02:46]} Rxe2 {[%emt 0:03:44]} 12. Qxe2 {[%emt 0:00:06]} Bxf4 {[%emt 0:00:49]} 13. Qe4 {[%emt 0:00:00]} Bh6 {[%emt 0:02:58]} 14. Qh7+ {[%emt 0:07:39]} Kf8 {[%emt 0:00:02]} 15. Rae1 {[%emt 0:00:43]} Be6 {[%emt 0:00:12]} 16. f4 {[%emt 0:05:43]} f5 {[%emt 0:10:17]} 17. Bxf5 {[%emt 0:00:46]} Nd7 {[%emt 0:00:09]} 18. Bxe6 {[%emt 0:06:52]} fxe6 {[%emt 0:00:50]} 19. f5 {[%emt 0:00:48]} Nf6 {[%emt 0:10:49]} 20. fxe6 {[%emt 0:03:31]} Ke7 {[%emt 0:03:22]} 21. Rxf6 {[%emt 0:04:27]} Kxf6 {[%emt 0:01:05]} 22. Rf1+ {[%emt 0:02:06]} Kxe6 {[%emt 0:00:05]} 23. Qf5+ {[%emt 0:00:04]} Kd6 {[%emt 0:00:08]} 24. Qe5+ {[%emt 0:00:03]} Kd7 {[%emt 0:00:09]} 25. Rf7+ {[%emt 0:00:12]} Kc8 {[%emt 0:00:06]} 26. Qf5+ {[%emt 0:00:04]} Kb8 {[%emt 0:00:03]} 27. Rf8 {[%emt 0:00:49]} Kc7 {[%emt 0:00:08]} 28. Qa5+ {[%emt 0:07:30]} Kd7 {[%emt 0:04:02]} 29. Rxd8+ {[%emt 0:02:01]} Rxd8 {[%emt 0:00:04]} 30. Qxa7 {[%emt 0:01:07]} Kc8 {[%emt 0:00:37]} 31. Qa8+ {[%emt 0:00:17]} Kc7 {[%emt 0:00:04]} 32. Qa5+ {[%emt 0:00:04]} Kc8 {[%emt 0:00:25]} 33. Qf5+ {[%emt 0:00:39]} Kb8 {[%emt 0:00:16]} 34. Qe5+ {[%emt 0:00:19]} Kc8 {[%emt 0:00:10]} 35. Qe6+ {[%emt 0:00:41]} Rd7 {[%emt 0:03:31]} 36. a4 {[%emt 0:09:30]} Kd8 {[%emt 0:00:48]} 37. Qg4 {[%emt 0:05:34]} Be3+ {[%emt 0:04:17]} 38. Kf1 {[%emt 0:00:01]} g5 {[%emt 0:00:14]} 39. Ke2 {[%emt 0:00:44]} Re7 {[%emt 0:00:08]} 40. Kd3 {[%emt 0:00:17]} Kc7 {[%emt 0:00:42]} 41. Qe2 {[%emt 0:32:23]} 1-0

[Event "Netanya Open 2019"]
[Site "Netanya"]
[Date "2019.07.02"]
[Round "9.27"]
[White "Tifferet, Shaked"]
[Black "Itzhaky, Shmuel"]
[Result "1/2-1/2"]
[WhiteElo "2249"]
[BlackElo "2130"]
[Annotator "NA"]
[PlyCount "113"]
[EventDate "2019.06.23"]
[EventType "swiss"]
[EventCountry "ISR"]
[SourceTitle "playchess.com"]
[Source "ChessBase"]
[SourceQuality "1"]
[TimeControl "40/5400+30:1800+30"]

1. d4 {[%emt 0:00:00]} d5 {[%emt 0:00:21]} 2. c4 {[%emt 0:00:00]} e6 {[%emt 0:00:08]} 3. g3 {[%emt 0:00:00]} dxc4 {[%emt 0:06:52]} 4. Bg2 {[%emt 0:00:46]} c5 {[%emt 0:01:45]} 5. Nf3 {[%emt 0:01:17]} Nc6 {[%emt 0:00:42]} 6. O-O {[%emt 0:02:06]} Nf6 {[%emt 0:01:43]} 7. Qa4 {[%emt 0:00:25]} Bd7 {[%emt 0:04:26]} 8. Qxc4 {[%emt 0:00:06]} cxd4 {[%emt 0:12:31]} 9. Nxd4 {[%emt 0:00:32]} Rc8 {[%emt 0:04:02]} 10. Nc3 {[%emt 0:00:30]} Nxd4 {[%emt 0:05:27]} 11. Qxd4 {[%emt 0:04:53]} Bc5 {[%emt 0:00:16]} 12. Qd3 {[%emt 0:06:17]} Bc6 {[%emt 0:02:32]} 13. Qxd8+ {[%emt 0:00:20]} Kxd8 {[%emt 0:00:25]} 14. Bg5 {[%emt 0:20:03]} h6 {[%emt 0:02:09]} 15. Bxf6+ {[%emt 0:02:22]} gxf6 {[%emt 0:00:04]} 16. Ne4 {[%emt 0:15:47]} Bxe4 {[%emt 0:02:48]} 17. Bxe4 {[%emt 0:01:57]} f5 {[%emt 0:02:16]} 18. Rfd1+ {[%emt 0:10:50]} Ke7 {[%emt 0:00:11]} 19. Bxb7 {[%emt 0:00:22]} Rb8 {[%emt 0:00:14]} 20. Bc6 {[%emt 0:00:08]} Rxb2 {[%emt 0:00:17]} 21. Rd7+ {[%emt 0:00:04]} Kf6 {[%emt 0:00:19]} 22. Bf3 {[%emt 0:00:05]} Re8 {[%emt 0:08:05]} 23. a4 {[%emt 0:09:21]} Re7 {[%emt 0:12:46]} 24. Rd8 {[%emt 0:02:19]} Bb6 {[%emt 0:01:25]} 25. Rg8 {[%emt 0:00:17]} Rd7 {[%emt 0:01:48]} 26. Kg2 {[%emt 0:01:38]} Rd8 {[%emt 0:01:05]} 27. Rxd8 {[%emt 0:00:27]} Bxd8 {[%emt 0:00:02]} 28. Rd1 {[%emt 0:00:40]} Bb6 {[%emt 0:00:13]} 29. Bh5 {[%emt 0:05:52]} Rc2 {[%emt 0:02:12]} 30. f4 {[%emt 0:00:47]} Ke7 {[%emt 0:02:02]} 31. Ra1 {[%emt 0:01:42]} Ba5 {[%emt 0:01:45]} 32. Rb1 {[%emt 0:00:56]} Bb6 {[%emt 0:01:33]} 33. Rb4 {[%emt 0:00:19]} Rd2 {[%emt 0:00:57]} 34. Rb3 {[%emt 0:05:58]} Ra2 {[%emt 0:01:13]} 35. Rb4 {[%emt 0:00:05]} Rd2 {[%emt 0:00:21]} 36. Rc4 {[%emt 0:00:05]} Rd4 {[%emt 0:00:27]} 37. Rc8 {[%emt 0:00:08]} Rd8 {[%emt 0:00:27]} 38. Rc2 {[%emt 0:00:39]} Rd4 {[%emt 0:00:23]} 39. Ra2 {[%emt 0:00:04]} Ba5 {[%emt 0:00:08]} 40. Kh3 {[%emt 0:00:57]} Rc4 {[%emt 0:01:37]} 41. Bf3 {[%emt 0:33:14]} Kf6 {[%emt 0:31:34]} 42. Bb7 {[%emt 0:01:35]} Kg6 {[%emt 0:03:10]} 43. Ba6 {[%emt 0:00:21]} Rd4 {[%emt 0:01:11]} 44. Bb5 {[%emt 0:00:26]} Rd2 {[%emt 0:08:13]} 45. Ra1 {[%emt 0:00:37]} Rc2 {[%emt 0:00:41]} 46. Rd1 {[%emt 0:00:34]} Rd2 {[%emt 0:00:30]} 47. Rc1 {[%emt 0:00:06]} Bb6 {[%emt 0:00:17]} 48. Bd3 {[%emt 0:00:36]} Ra2 {[%emt 0:00:29]} 49. Rc4 {[%emt 0:00:31]} Kf6 {[%emt 0:02:50]} 50. Bc2 {[%emt 0:00:13]} Kg7 {[%emt 0:01:25]} 51. Rc8 {[%emt 0:00:17]} Kf6 {[%emt 0:01:19]} 52. Rc4 {[%emt 0:03:40]} Kg7 {[%emt 0:00:50]} 53. Bd3 {[%emt 0:00:14]} Kf6 {[%emt 0:01:45]} 54. Rb4 {[%emt 0:00:04]} Bc5 {[%emt 0:00:55]} 55. Rc4 {[%emt 0:01:23]} Bb6 {[%emt 0:03:07]} 56. Kg2 {[%emt 0:00:07]} Ra1 {[%emt 0:00:56]} 57. Kh3 {[%emt 0:00:00]} 1/2-1/2

[Event "Netanya Open 2019"]
[Site "Netanya"]
[Date "2019.07.02"]
[Round "9.28"]
[White "Nissim, Yonatan"]
[Black "Alexikov, Alexander"]
[Result "0-1"]
[WhiteElo "2082"]
[BlackElo "2234"]
[Annotator "NA"]
[PlyCount "70"]
[EventDate "2019.06.23"]
[EventType "swiss"]
[EventCountry "ISR"]
[SourceTitle "playchess.com"]
[Source "ChessBase"]
[SourceQuality "1"]
[TimeControl "40/5400+30:1800+30"]

1. d4 {[%emt 0:00:00]} Nf6 {[%emt 0:00:00]} 2. c4 {[%emt 0:00:00]} g6 {[%emt 0:00:00]} 3. f3 {[%emt 0:00:00]} Bg7 {[%emt 0:01:57]} 4. e4 {[%emt 0:00:27]} d6 {[%emt 0:00:23]} 5. Nc3 {[%emt 0:00:15]} c5 {[%emt 0:08:20]} 6. Nge2 {[%emt 0:01:22]} O-O {[%emt 0:02:39]} 7. Be3 {[%emt 0:00:42]} b6 {[%emt 0:00:27]} 8. d5 {[%emt 0:03:45]} a6 {[%emt 0:10:56]} 9. a4 {[%emt 0:02:26]} Nbd7 {[%emt 0:03:26]} 10. Nc1 {[%emt 0:04:08]} Qc7 {[%emt 0:01:41]} 11. Be2 {[%emt 0:01:31]} e6 {[%emt 0:00:36]} 12. O-O {[%emt 0:00:56]} exd5 {[%emt 0:00:30]} 13. cxd5 {[%emt 0:00:28]} Re8 {[%emt 0:01:03]} 14. Nd3 {[%emt 0:01:29]} Bb7 {[%emt 0:06:23]} 15. Nf2 {[%emt 0:01:50]} Rab8 {[%emt 0:04:57]} 16. f4 {[%emt 0:01:26]} Nxe4 {[%emt 0:02:10]} 17. Ncxe4 {[%emt 0:07:11]} f5 {[%emt 0:00:16]} 18. Qd2 {[%emt 0:28:04]} fxe4 {[%emt 0:03:40]} 19. Bg4 {[%emt 0:00:27]} Nf6 {[%emt 0:09:43]} 20. Be2 {[%emt 0:04:46]} Kh8 {[%emt 0:17:00]} 21. Bc4 {[%emt 0:02:28]} Bc8 {[%emt 0:04:20]} 22. Qe2 {[%emt 0:04:18]} Qb7 {[%emt 0:05:38]} 23. Rfd1 {[%emt 0:03:55]} b5 {[%emt 0:01:19]} 24. axb5 {[%emt 0:00:11]} axb5 {[%emt 0:00:04]} 25. Bb3 {[%emt 0:01:31]} h5 {[%emt 0:01:37]} 26. h3 {[%emt 0:02:07]} Qd7 {[%emt 0:00:42]} 27. Ra5 {[%emt 0:13:03]} Qf5 {[%emt 0:02:39]} 28. Ra7 {[%emt 0:05:00]} h4 {[%emt 0:03:31]} 29. Bd2 {[%emt 0:07:26]} Qh5 {[%emt 0:04:41]} 30. Qxh5+ {[%emt 0:01:58]} Nxh5 {[%emt 0:00:01]} 31. Bc3 {[%emt 0:00:44]} Bxc3 {[%emt 0:00:23]} 32. bxc3 {[%emt 0:00:01]} Nxf4 {[%emt 0:00:24]} 33. Re1 {[%emt 0:00:59]} e3 {[%emt 0:02:05]} 34. Ng4 {[%emt 0:00:51]} Bxg4 {[%emt 0:00:25]} 35. hxg4 {[%emt 0:00:02]} Nd3 {[%emt 0:00:48]} 0-1